Andrej Keder (1916-2001)

Bibliographic Details
Main Author: Ondrejovič, Slavomír, 1946- (Author)
Format: Article
Language:Slovak
ISSN:0037-6981
Subjects:
Online Access:http://www.juls.savba.sk/sr/2006/6/sr2006_6.pdf

MARC

LEADER 00000nab a2200000 a 4500
001 vtls008963106
003 SK-MaSNL
005 20260304002618.0
008 140513c2006 xo |||| |h| 000 b|slo
015 |a SNBRB2007/04  |2 snkbucl 
038 |a SNKBUCL 
040 |a SNKBUCL  |b slo  |c SNKBUCL  |e AACR2 
041 0 |a slo 
044 |a xo  |c SK 
080 |a 81-051  |2 1997 
080 |a 929 Keder, Andrej  |2 1997 
100 1 |a Ondrejovič, Slavomír,  |d 1946-  |4 aut  |9 92874 
245 1 0 |a Andrej Keder (1916-2001)  |c Slavomír Ondrejovič 
600 1 7 |a Keder, Andrej,  |d 1916-2001  |2 snkbucl  |9 107584 
773 0 |t Slovenská reč  |g Roč. 71, č. 6 (2006), s. 382  |x 0037-6981 
852 |a SNK  |b KIS3GCP 
856 4 1 |u http://www.juls.savba.sk/sr/2006/6/sr2006_6.pdf 
958 |a SK 
958 |a BX 
999 |c 2542837  |d 2544767